000
00314pam a2200157 a 4500
020
_c
041
_h
100
_a
Harry Frank
245
_a
Statistics Concepts and Applications
250
_a
I st
260
_c
1995
300
_a
853
653
_a
Computer
700
_a
Steven C. Althoen
930
_a
1018
999
_c
246871
_d
246871